000 00595nam a2200229 a 4500
001 nice12345678
003 IN_TiNIC
005 20260116011254.0
008 050524s1927 cama grp 000 0 eng
020 _a
_c0
082 0 0 _a955
_bBRO
100 _aBrowne, Edward Granville
245 _aYear Amongst the Persians, Impressions as to the Life Character & Thought
260 _aCambridge
_bCambridge University Press
_c1927
300 _a650p
500 _aincludes index and biblioraphy
505 2 _aIll, Index
650 _aIran
902 _bSRS
942 _cBK
999 _c58
_d58